Yes to life : in spite of everything (Record no. 75609)

MARC details
000 -LEADER
fixed length control field 00529nam a22002057a 4500
005 - DATE AND TIME OF LATEST TRANSACTION
control field 20230412101904.0
008 - FIXED-LENGTH DATA ELEMENTS--GENERAL INFORMATION
fixed length control field 230330b |||||||| |||| 00| 0 eng d
020 ## - INTERNATIONAL STANDARD BOOK NUMBER
International Standard Book Number 9781846047251
040 ## - CATALOGING SOURCE
Original cataloging agency CBULib
Transcribing agency CBULib
041 ## - LANGUAGE CODE
Language code of text/sound track or separate title eng
050 ## - LIBRARY OF CONGRESS CALL NUMBER
Classification number BF 778 Fra
100 ## - MAIN ENTRY--PERSONAL NAME
Personal name Frankl, Victor E.
245 ## - TITLE STATEMENT
Title Yes to life : in spite of everything
Statement of responsibility, etc. / by Viktor E. Frankl
260 ## - PUBLICATION, DISTRIBUTION, ETC.
Place of publication, distribution, etc. London :
Name of publisher, distributor, etc. Rider,
Date of publication, distribution, etc. 2019.
300 ## - PHYSICAL DESCRIPTION
Extent 141 pages
600 ## - SUBJECT ADDED ENTRY--PERSONAL NAME
Personal name FRANKL, VIKTOR E
650 ## - SUBJECT ADDED ENTRY--TOPICAL TERM
Topical term or geographic name entry element PSYCHOLOGY
650 ## - SUBJECT ADDED ENTRY--TOPICAL TERM
Topical term or geographic name entry element RESILIENCE
942 ## - ADDED ENTRY ELEMENTS (KOHA)
Koha item type MONOGRAPH
999 ## -
-- 75609
-- 75609
Holdings
Withdrawn status Lost status Source of classification or shelving scheme Damaged status Not for loan Collection code Permanent Location Current Location Shelving location Date acquired Source of acquisition Cost, normal purchase price Total Checkouts Full call number Barcode Date last seen Date last checked out Copy number Cost, replacement price Price effective from Koha item type Total Renewals
          Main Library Open Access Collection CBU-MAIN LIBRARY, KITWE. CBU-MAIN LIBRARY, KITWE. General Stacks 03/30/2023 DON-BOOKAID 20.68 1 BF 778 Fra 751868 06/26/2023 06/12/2023 1 26.88 03/30/2023 MONOGRAPH  
          Main Library Open Access Collection CBU-MAIN LIBRARY, KITWE. CBU-MAIN LIBRARY, KITWE. General Stacks 03/30/2023 DON-BOOKAID 20.68 2 BF 778 Fra 751869 05/28/2026 05/20/2026 2 26.68 03/30/2023 MONOGRAPH 1
          Medical Library Collection CBU-SCHOOL OF MEDICINE LIBRARY, NDOLA. CBU-SCHOOL OF MEDICINE LIBRARY, NDOLA. School of Medicine Collection - Hospital Campus 04/04/2023 DON-BOOKAID 20.68   BF 778 Fra 905352 04/04/2023   3 26.68 04/04/2023 MONOGRAPH  
          Medical Library Collection CBU-SCHOOL OF MEDICINE LIBRARY, NDOLA. CBU-SCHOOL OF MEDICINE LIBRARY, NDOLA. School of Medicine Collection - Hospital Campus 04/04/2023 DON-BOOKAID 20.68   BF 778 Fra 905353 04/04/2023   4 26.68 04/04/2023 MONOGRAPH